000 01052nam a2200289 i 4500
003 DO-SdBNP
005 20260606225703.0
007 ta
008 260219b2003 dr ac||| |||| 00| 0 spa d
040 _aDO-SdBNP
_bspa
_cBNPHU
_erda
041 _aspa
082 4 _a394.26997293
_bG951c
_222
100 _aGüigni, Jorge N.,
_eautor
_4aut.
_989060
245 1 0 _aCarnaval popular de San Cristobal :
_buna historia para contar /
_cJorge N. Güigni
250 _aPrimera edición
264 1 _aSanto Domingo :
_bCominsión Nacional de Carnaval,
_c2003
300 _a110 páginas :
_bilustraciones, retratos ;
_c21 cm
336 _atexto
_btxt
_2rdacontent
337 _asin mediación
_bn
_2rdamedia
338 _avolumen
_bnc
_2rdacarrier
590 _aInventariado, 2026/BT
650 7 _2Librunam
_aCarnavales
_xHistoria
_zRepública Dominicana
_989901
650 7 _2Librunam
_aCultura popular
_xHistoria
_zRepública Dominicana
_989902
651 7 _2Librunam
_aRepública Dominicana
_xVida social y costumbres
_9405
910 _aBtavárez
942 _2ddc
_cLFPD
999 _c60363
_d60363